[Event "Taastrup Winter op 3rd"]
[Site "Taastrup"]
[Date "2018.03.08"]
[Round "9"]
[White "Dalberg, Bent"]
[Black "Nielsen, Jan Mose"]
[Result "0-1"]
[WhiteElo "1655"]
[BlackElo "2051"]
[PlyCount "36"]
[EventDate "2017.11.09"]
[EventType "swiss"]
[EventRounds "9"]
[EventCountry "DEN"]
[SourceTitle "EXT 2021"]
[Source "ChessBase"]
[SourceDate "2020.10.23"]
[SourceVersion "1"]
[SourceVersionDate "2020.10.23"]
[SourceQuality "1"]

1. e4 e5 2. Nf3 Nf6 3. Nc3 Nc6 4. Bb5 Bc5 5. Nxe5 Nxe5 6. d4 Bd6 7. dxe5 Bxe5 8. Bd3 d5 9. exd5 Nxd5 10. Nxd5 Qxd5 11. 0-0 Be6 12. Re1 0-0-0 13. Qe2 Rhe8 14. Be4 Qa5 15. c3 f5 16. Bc2 Bd7 17. Qf1 Bb5 18. Bxf5+ Kb8 0-1

[Event "Taastrup Winter op 3rd"]
[Site "Taastrup"]
[Date "2018.01.25"]
[Round "7"]
[White "Dalberg, Bent"]
[Black "Nielsen, Kai Gylling"]
[Result "0-1"]
[WhiteElo "1655"]
[BlackElo "1769"]
[PlyCount "60"]
[EventDate "2017.11.09"]
[EventType "swiss"]
[EventRounds "9"]
[EventCountry "DEN"]
[SourceTitle "EXT 2021"]
[Source "ChessBase"]
[SourceDate "2020.10.23"]
[SourceVersion "1"]
[SourceVersionDate "2020.10.23"]
[SourceQuality "1"]

1. e4 c6 2. d4 d5 3. Nc3 e6 4. Nf3 Bb4 5. e5 Nd7 6. a3 Be7 7. b4 b5 8. Be3 a5 9. Na2 f5 10. Qc1 h6 11. h4 axb4 12. Nxb4 Bxb4+ 13. axb4 Rxa1 14. Qxa1 Ne7 15. Be2 0-0 16. Qc1 Qe8 17. g3 Nb6 18. c3 Qf7 19. h5 Bd7 20. Nd2 Ra8 21. Nb3 Na4 22. Bd1 Nc8 23. Nc5 Ncb6 24. Bxa4 Nxa4 25. Nxa4 Rxa4 26. Ke2 Be8 27. Kd3 f4 28. gxf4 Qf5+ 29. Kd2 Ra2+ 30. Ke1 Bxh5 0-1

[Event "Taastrup Winter 2nd"]
[Site "Taastrup"]
[Date "2016.11.11"]
[Round "1"]
[White "Andersen, Svend Erik"]
[Black "Dalberg, Bent"]
[Result "1-0"]
[WhiteElo "1839"]
[BlackElo "1649"]
[PlyCount "104"]
[EventDate "2016.11.11"]
[EventType "swiss"]
[EventRounds "9"]
[EventCountry "DEN"]
[SourceTitle "EXT 2024"]
[Source "ChessBase"]
[SourceDate "2023.10.10"]
[SourceVersion "1"]
[SourceVersionDate "2023.10.10"]
[SourceQuality "1"]

1. d4 d5 2. Nf3 Nf6 3. g3 e6 4. Bg2 Be7 5. 0-0 0-0 6. c4 c6 7. Nc3 dxc4 8. Ne5 Nbd7 9. Nxc4 Nd5 10. e4 N5b6 11. b3 Nf6 12. Be3 Nxc4 13. bxc4 Nd7 14. Rb1 c5 15. d5 Ne5 16. Qe2 b6 17. f4 Ng6 18. e5 exd5 19. cxd5 Bb7 20. d6 Bxg2 21. dxe7 Nxe7 22. Kxg2 Nd5 23. Nxd5 Qxd5+ 24. Kg1 Qe4 25. Rbd1 Rfd8 26. Kf2 Kf8 27. Rxd8+ Rxd8 28. Rd1 Ke8 29. Rxd8+ Kxd8 30. Qd2+ Kc8 31. Ke2 Qg2+ 32. Kd1 Qf1+ 33. Kc2 Qc4+ 34. Kb2 Qb5+ 35. Ka1 Qf1+ 36. Qc1 Qe2 37. Bg1 Qd3 38. g4 c4 39. Qe3 Qd1+ 40. Kb2 Qxg4 41. Qd4 Qe2+ 42. Kc3 Qxa2 43. Qxc4+ Qxc4+ 44. Kxc4 g6 45. Kb5 Kd7 46. Ka6 Ke6 47. Kxa7 b5 48. Kb6 b4 49. Kc5 Kf5 50. Bd4 Ke6 51. Kxb4 Kd5 52. Bb2 h5 1-0

[Event "Taastrup Quick Weekend 10th B2"]
[Site "Taastrup"]
[Date "2009.10.04"]
[Round "4"]
[White "Neesgaard Madsen, Helge"]
[Black "Dalberg, Bent"]
[Result "1/2-1/2"]
[WhiteElo "1659"]
[BlackElo "1619"]
[PlyCount "77"]
[EventDate "2009.10.02"]
[EventType "tourn"]
[EventRounds "5"]
[EventCountry "DEN"]
[SourceTitle "EXT 2023"]
[Source "ChessBase"]
[SourceDate "2022.10.05"]
[SourceVersion "1"]
[SourceVersionDate "2022.10.05"]
[SourceQuality "1"]

1. d4 d5 2. e3 c6 3. Bd3 Nf6 4. f4 Bg4 5. Nf3 e6 6. Nbd2 Nbd7 7. 0-0 Be7 8. c3 c5 9. Qe1 g6 10. c4 Bf5 11. Bxf5 gxf5 12. b3 cxd4 13. exd4 Qb6 14. a4 Bb4 15. c5 Qc7 16. g3 Ne4 17. Qe3 Ndf6 18. Nxe4 Nxe4 19. Bd2 Qa5 20. Bxb4 Qxb4 21. Rac1 Rc8 22. Qd3 a6 23. Rc2 f6 24. c6 Qb6 25. a5 Qc7 26. Rfc1 Ke7 27. Nd2 Nd6 28. Rc5 Nb5 29. Nb1 bxc6 30. b4 Qb7 31. Nc3 Nxc3 32. Qxc3 Kd6 33. Qa3 Kd7 34. Kf2 h5 35. R5c2 Qb5 36. h4 Qb7 37. Qc3 Qb5 38. Ke3 Rhg8 39. Kf3 1/2-1/2

[Event "Taastrup Spil Naar Du Vil IV 2003"]
[Site "Taastrup"]
[Date "2009.04.23"]
[Round "4"]
[White "Dalberg, Bent"]
[Black "Zmylon, Frederik Nielsen"]
[Result "1-0"]
[WhiteElo "1606"]
[BlackElo "1523"]
[PlyCount "37"]
[EventDate "2009.03.26"]
[EventType "swiss"]
[EventRounds "7"]
[EventCountry "DEN"]
[SourceTitle "EXT 2023"]
[Source "ChessBase"]
[SourceDate "2022.10.05"]
[SourceVersion "1"]
[SourceVersionDate "2022.10.05"]
[SourceQuality "1"]

1. e4 c5 2. Nc3 Nc6 3. g3 Nf6 4. Bg2 d6 5. d3 Bd7 6. f4 Qc7 7. Nf3 e6 8. 0-0 Be7 9. h3 Nd4 10. Ne2 Nxf3+ 11. Bxf3 e5 12. Bg2 b5 13. Kh2 exf4 14. e5 fxg3+ 15. Nxg3 Rb8 16. exf6 Bxf6 17. Kh1 d5 18. Bf4 Be5 19. Bxe5 1-0